| 000 | 01174nac a22002771u 4500 | ||
|---|---|---|---|
| 090 | _c2040 | ||
| 008 | 080806t xxu||||| |||| 00| 0 eng d | ||
| 010 | _a 2005012690 | ||
| 020 | _a0415337895 (hardback) | ||
| 020 | _a0415337909 (pbk.) | ||
| 082 | 0 | 0 |
_a338.9 _bSi531 |
| 245 | 0 | 0 |
_aFifty key thinkers on development / _cedited by David Simon. |
| 246 | 3 | 0 | _aKey thinkers on development |
| 260 |
_aNew York : _bRoutledge,2006 _c2006. |
||
| 300 |
_axii, 301 p. ; _c 23 cm. |
||
| 504 | _aIncludes bibliographical references and index. | ||
| 650 | 0 |
_aPlanners _vBiography. |
|
| 650 | 0 |
_aEconomic development _xPlanning. |
|
| 650 | 0 |
_aEconomic development _vCross-cultural studies. |
|
| 650 | 0 |
_aEconomic policy _vCross-cultural studies. |
|
| 700 | 1 |
_aSimon, David, _d1957- |
|
| 856 | 4 | 1 |
_3Table of contents only _uhttp://www.loc.gov/catdir/toc/ecip0512/2005012690.html |
| 856 | 4 | 1 |
_3Publisher description _uhttp://www.loc.gov/catdir/enhancements/fy0702/2005012690-d.html |
| 942 |
_cBB _k338.9Si531 _2ddc |
||
| 999 |
_c2040 _d2040 |
||